| 000 | 00595nam a2200193Ia 4500 | ||
|---|---|---|---|
| 003 | IN-BaIIA | ||
| 008 | 211028s9999 xx 000 0 eng d | ||
| 020 | _a0-8243-0918-9 | ||
| 040 | _cIIA Library | ||
| 080 |
_a(05)52 _bANN-18 |
||
| 245 | 0 |
_aAnnual review of astronomy and astrophysics _bvol. 18 _cedited by Geoffrey R. Burbidge. |
|
| 260 |
_aPalo Alto _bAnnual Reviews _c1980 |
||
| 300 | _a591p. | ||
| 650 |
_aAstronomy - Periodicals _94087 |
||
| 650 | _aAstronomy and Astrophysics Thesaurus | ||
| 650 |
_aAstrophysics- Periodicals _94088 |
||
| 700 | _aBurbidge, Geoffrey., ed. | ||
| 942 | _cBK | ||
| 999 |
_c6682 _d6682 |
||